Estudio de las incrustaciones de sílice y su posible control, en el sistema de reinyección del campo geotérmico Miravalles

Gespeichert in:
Bibliographische Detailangaben
1. Verfasser: Cruz Guzmán, Gabriela
Format: Buch
Veröffentlicht: San José, C.R. 1998
Schlagworte:
Tags: Tag hinzufügen
Keine Tags, Fügen Sie den ersten Tag hinzu!

MARC

LEADER 00000nam a2200000Ia 4500
003 008589
005 20221231144213.0
008 140114s1998 cr a m 000 ||s d
040 |c cru CEDI 
090 |a TFG 4053 
100 |a Cruz Guzmán, Gabriela  |9 8462 
245 |a Estudio de las incrustaciones de sílice y su posible control, en el sistema de reinyección del campo geotérmico Miravalles 
260 |c 1998  |a San José, C.R. 
300 |a  viii, 112 hojas : ilustraciones  
500 |a Proyecto de graduación (licenciatura en ingeniería química)--Universidad de Costa Rica. Facultad de Ingeniería. Escuela de Ingeniería Química 
650 |x INSTITUTO COSTARRICENSE DE ELECTRICIDAD.. PROYECTO GEOTERMICO DE MIRAVALLES   |x ENERGIA GEOTERMICA  |9 8069 
942 |c TFG 
999 |c 18402  |d 18402